=LDR 00000nam 2200000 4500 =001 INLIS00000000000085 =005 20260702043538 =020 ##$$a 9786028328227 =082 ##$$a 641.595 =100 1#$$a Kitchen, Great! =245 1 $$a Resep Komplit Masakan Padang /$c Great! Kitchen =300 ##$$a 110 ; 14 x 20,5